000 00304nam a2200133Ia 4500
008 150301s2015 xx 000 0 und d
082 _a617.6
_bH07P
100 _aS.R. PRABHI
245 _aHIV AIDS IN DENTAL PRACTICE
260 _bDCI-INDIA
300 _a298
650 _aOTHER BOOKS
942 _2ddc
_cBK
999 _c7194
_d7194